Mis memorias

Guardat en:
Dades bibliogràfiques
Autor principal: Kissinger, Henry Alfred (Autor)
Format: Llibre
Idioma:espanyol
Publicat: Buenos Aires Atlántida 1979
Edició:2a. ed
Matèries:
Etiquetes: Afegir etiqueta
Sense etiquetes, Sigues el primer a etiquetar aquest registre!

MARC

LEADER 00000cam a2200000 a 4500
001 UCT7823
003 CL-VaPUC
008 970317e19790000AG |||||||||||||||||spa|d
020 |a 8474080215v.1 
082 0 4 |a 920.092  |b KIS  |2 21 
100 |a Kissinger, Henry Alfred  |e author  |9 584912 
245 1 0 |a Mis memorias 
250 |a 2a. ed 
300 |a v 
942 |c BK 
945 |d 19970317 00:00:00  |a paguirre 
260 |a Buenos Aires  |b Atlántida  |c 1979 
650 0 |a Biografías  |9 255210 
650 0 |a Políticos   |9 256302 
650 0 |a Relaciones Internacionales  |9 255740 
650 0 |a Política internacional  |9 255813 
651 0 |a Estados Unidos  |9 255178 
583 |a last modification  |c 20151005 02:50:02  |k Rodrigo Vera 
999 |c 256370  |d 256368 
952 |0 0  |1 0  |4 0  |6 920_092000000000000_KIS_1979  |7 0  |8 P  |9 279072  |a BIBDER  |b BIBDER  |d 2019-11-19  |h v.1  |i 1808206  |o 920.092 KIS 1979  |p 1808206  |r 2023-01-25  |w 2019-11-19  |y BK  |k DER 
952 |0 0  |1 0  |4 0  |6 920_092000000000000_KIS_1979  |7 0  |8 A  |9 279073  |a BIBHIS  |b BIBHIS  |d 2019-11-19  |h v.1  |i 462971K  |o 920.092 KIS 1979  |p 462971K  |r 2025-01-20  |w 2019-11-19  |y BK  |k HIS 
952 |0 0  |1 0  |3 erb  |4 0  |6 920_092000000000000_KIS_1979  |7 0  |8 A  |9 279074  |a BIBHIS  |b BIBHIS  |h v.1  |i 5242061  |o 920.092 KIS 1979  |p 5242061  |r 2025-01-20  |w 2019-11-19  |y BK  |z Catalogado en:20151009  |k HIS 
952 |0 0  |1 0  |3 erb  |4 0  |6 920_092000000000000_KIS_1979  |7 0  |8 A  |9 279075  |a BIBHIS  |b BIBHIS  |h v.2  |i 524207K  |l 2  |m 1  |o 920.092 KIS 1979  |p 524207K  |r 2025-01-20  |s 2024-05-17  |w 2019-11-19  |y BK  |z Catalogado en:20151009  |k HIS